zpět

Detail výsledku týmu

SEP26 Bar, Znojmo

Datum a čas kvízu

14.5 Celkem bodů Celkový počet nahraných bodů na tomto kvízu bez doplňovacích otázek.
5. Pořadí na kvízu Konečné umístění týmu na tomto kvízu.

Zaznamenané odpovědi

# Otázka Odpověď Body Výsledky
1. V neděli byla slavnostně otevř... sv. Jakub 1
2. V úterý byla slavnostně spuště... Etiopie 0
3. 44letý český dirigent Jakub Hr... v Londýně 0
4. Řada polských zelinářů je pořá... B 0
5. Čeští volejbalisté si po dlouh... Filipíny 0
6. V tomto tématu se budeme zabýv... sestra - bratr 0
7. Chronologicky seřaďte vybrané... 1D 2B 3C 4A 0
8. Která z uvedených osobností je... C 1
9. V této otázce nás bude zajímat... Vratislav (I.) 0
10. Přiřaďte příbuzenské vztahy vy... 1D 2C 3A 4B 0